[Event "London Central Minor"]
[White "Wessels, Hendrik"]
[Black "Gillespie, Frank"]
[Site "London"]
[Round "3"]
[Result "1/2-1/2"]
[Date "2022.11.05"]
[WhiteElo "1709"]
[BlackElo "1355"]
[PlyCount "92"]
[EventDate "2022.11.04"]
[EventType "swiss"]
[EventRounds "5"]
[EventCountry "ENG"]
[SourceTitle "EXT 2024"]
[Source "ChessBase"]
[SourceDate "2023.10.10"]
[SourceVersion "1"]
[SourceVersionDate "2023.10.10"]
[SourceQuality "1"]

1. e4 d5 2. exd5 Qxd5 3. Nc3 Qa5 4. d4 Nf6 5. Bd2 c6 6. Ne4 Qf5 7. Nxf6+ exf6 8. Nf3 Be7 9. Bd3 Qd5 10. Qe2 Be6 11. 0-0 0-0 12. c4 Qd8 13. Rfe1 Re8 14. Bc3 Na6 15. a3 Qd7 16. Qc2 g6 17. Re3 Nc7 18. Nd2 Rad8 19. Ne4 Bf5 20. Ng3 Bxd3 21. Rxd3 f5 22. Ne2 Bf6 23. Qd2 Qe6 24. Nf4 Qxc4 25. b3 Qa6 26. Rh3 Bg5 27. d5 Rxd5 28. Nxd5 Bxd2 29. Nf6+ Kf8 30. Nxe8 Kxe8 31. Bxd2 h5 32. Re3+ Ne6 33. Bc3 Kf8 34. a4 b6 35. Rd1 Qc8 36. Red3 Ke8 37. Bf6 Qc7 38. Re1 Kf8 39. Be5 Qc8 40. Bf6 Ke8 41. Red1 Qc7 42. g3 c5 43. Re3 Kf8 44. Be5 Qc8 45. Red3 Ke8 46. Bf6 Qc7 1/2-1/2